书目信息 |
| 题名: |
动物防疫与检疫技术
|
|
| 作者: | 王子轼 主编 | |
| 分册: | ||
| 出版信息: | 北京 中国农业出版社 2006 |
|
| 页数: | 174页 | |
| 开本: | 23cm | |
| 丛书名: | 普通高等教育“十一五”国家级规划教材 | |
| 单 册: | ||
| 中图分类: | S851.3 , S851.34 | |
| 科图分类: | ||
| 主题词: | 动物--防疫--高等教育--教材 , 动物--检疫--高等教育--教材 | |
| 电子资源: | ||
| ISBN: | 978-7-109-10672-7 | |
| 000 | 01088oam2 2200289 450 | |
| 001 | 1551355259 | |
| 005 | 20150130141620.35 | |
| 010 | @a978-7-109-10672-7@dCNY16.00 | |
| 100 | @a20130219d2006 ekmy0chiy50 ea | |
| 101 | 0 | @achi |
| 102 | @aCN@b110000 | |
| 105 | @aak a 000yy | |
| 200 | 1 | @a动物防疫与检疫技术@9dong wu fang yi yu jian yi ji shu@f王子轼主编 |
| 210 | @a北京@c中国农业出版社@d2006 | |
| 215 | @a174页@c图@d23cm | |
| 225 | 2 | @a普通高等教育“十一五”国家级规划教材@i畜牧兽医类专业教材 |
| 330 | @a本书主要内容包括动物防疫的基本知识、动物防疫技术、重大动物疫病的处理、动物检疫基本知识、动物检疫技术、主要疫病的检疫、动物生产与流通环节的检疫。 | |
| 333 | @a21世纪农业部高职高专规划教材, 2007年普通高等教育精品教材, 畜牧兽医类专业用 | |
| 461 | 0 | @12001 @a普通高等教育“十一五”国家级规划教材 |
| 462 | 0 | @12001 @a畜牧兽医类专业教材 |
| 606 | 0 | @a动物@x防疫@x高等教育@j教材 |
| 606 | 0 | @a动物@x检疫@x高等教育@j教材 |
| 690 | @aS851.3@v5 | |
| 690 | @aS851.34@v5 | |
| 701 | 0 | @a王子轼@9wang zi shi@4主编 |
| 801 | 0 | @aCN@bTSSF@c20150130 |
| 905 | @aZUCC@dS851.3@eJY51 | |
| 动物防疫与检疫技术/王子轼主编.-北京:中国农业出版社,2006 |
| 174页:图;23cm.-(普通高等教育“十一五”国家级规划教材.畜牧兽医类专业教材) |
| 使用对象:21世纪农业部高职高专规划教材, 2007年普通高等教育精品教材, 畜牧兽医类专业用 |
| ISBN 978-7-109-10672-7:CNY16.00 |
| 本书主要内容包括动物防疫的基本知识、动物防疫技术、重大动物疫病的处理、动物检疫基本知识、动物检疫技术、主要疫病的检疫、动物生产与流通环节的检疫。 |
| ● |
| 相关链接 |
|
|
|
|
正题名:动物防疫与检疫技术
索取号:S851.3/JY51
 
预约/预借
| 序号 | 登录号 | 条形码 | 馆藏地/架位号 | 状态 | 备注 |
| 1 | 7862943 | 278629432 | 学院路分馆/ [索取号:S851.3/JY51] | 在馆 | |
| 2 | 7862944 | 278629441 | 学院路分馆/ [索取号:S851.3/JY51] | 在馆 |